Cargando...

Vitamins and hormones : advances in research and applications V.14

Detalles Bibliográficos
Autores principales: G F Marrian, Robert S Harris, S Robert
Formato: Printed Book
Lenguaje:Undetermined
Publicado: Academic press inc 1956
Newyork
Materias:
LEADER 00723nam a2200253Ia 4500
008 141122s9999 xx 000 0 und d
040 |c . 
041 |a English 
082 |a 636.08522 
082 |b HAR/VI 
100 |a G F Marrian  
100 |a Robert S Harris  
100 |a S Robert  
245 |a Vitamins and hormones : advances in research and applications V.14 
245 |c Robert S Harris  
260 |b Academic press inc  
260 |b Newyork 
260 |c 1956 
300 |a 486 Pages 
500 |a Closed 
650 |a Nutrition 
942 |c BK 
999 |c 12123  |d 12123 
952 |0 0  |1 0  |4 0  |6 636_085220000000000_HARVI  |7 0  |9 11979  |a COVAS  |b COVAS  |d 0000-00-00  |o 636.08522 HAR/VI  |p 3071  |r 2014-11-26  |w 2014-11-26  |y BK